| 000 | 01373nam a22003737a 4500 | ||
|---|---|---|---|
| 001 | 13270273 | ||
| 003 | OSt | ||
| 005 | 20210426064032.0 | ||
| 008 | 030711s2004 nyua b 001 0 eng | ||
| 010 | _a 2003059294 | ||
| 020 | _a0805074422 | ||
| 040 |
_aDLC _cDLC _dDLC |
||
| 042 | _apcc | ||
| 043 | _an-us--- | ||
| 050 | 0 | 0 |
_aBL2760 _b.J33 2004 |
| 080 |
_a94 _bJ-13 |
||
| 082 | 0 | 0 |
_a211/.4/0973 _222 |
| 100 | 1 |
_aJacoby, Susan, _d1945- |
|
| 245 | 1 | 0 |
_aFreethinkers : _ba history of American secularism / _cSusan Jacoby. |
| 250 | _a1st ed. | ||
| 260 |
_aNew York : _bMetropolitan Books, _c2004. |
||
| 300 |
_a417 p. : _bill. ; _c25 cm. |
||
| 365 | _a27.50 USD | ||
| 504 | _aIncludes bibliographical references (p. 389-397) and index. | ||
| 650 | 0 |
_aSecularism _zUnited States _xHistory. |
|
| 650 | 0 |
_aFreethinkers _zUnited States _xHistory. |
|
| 653 | _aისტორია | ||
| 856 | 4 | 2 |
_3Contributor biographical information _uhttp://www.loc.gov/catdir/bios/hol054/2003059294.html |
| 856 | 4 | 1 |
_3Sample text _uhttp://www.loc.gov/catdir/samples/hol041/2003059294.html |
| 856 | 4 | 2 |
_3Publisher description _uhttp://www.loc.gov/catdir/description/hol041/2003059294.html |
| 906 |
_a7 _bcbc _corignew _d1 _eocip _f20 _gy-gencatlg |
||
| 942 |
_2udc _cBK |
||
| 999 |
_c1456 _d1456 |
||